Ирония судьбы, или с легким паром: комедии для театра; Ирония судьбы, или с легким паром; Притворщики; Сослуживцы; Гараж; Аморальная история; Родственники

Dades bibliogràfiques
Autor principal: Брагинский Э. В. Эмиль Вениаминович
Altres autors: Рязанов Э. А. Эльдар Александрович (редактор), Иванова М. В.
Idioma:rus
Publicat: Москва, Советский писатель, 1983
TOC:Ирония судьбы, или с легким паром; Притворщики; Сослуживцы; Гараж; Аморальная история; Родственники;
Matèries:
Format: MixedMaterials Llibre
KOHA link:https://koha.lib.tpu.ru/cgi-bin/koha/opac-detail.pl?biblionumber=374785

MARC

LEADER 00000nam0a2200000 4500
001 374785
005 20231102012659.0
035 |a (RuTPU)RU\TPU\retro\32219 
035 |a RU\TPU\book\312193 
090 |a 374785 
100 |a 20221219d1983 m y0rusy50 ca 
101 0 |a rus 
102 |a RU 
105 |a a z 000by 
200 1 |a Ирония судьбы, или с легким паром  |e комедии для театра  |f Э. В. Брагинский, Э. А. Рязанов  |g под ред. М. В. Ивановой 
210 |a Москва  |c Советский писатель  |d 1983 
215 |a 366 с.  |c ил. 
464 |t Ирония судьбы, или с легким паром; Притворщики; Сослуживцы; Гараж; Аморальная история; Родственники  |o пьесы 
606 1 |a Русская литература современная  |2 stltpush  |3 (RuTPU)RU\TPU\subj\26373  |9 50316 
610 1 |a драматургия 
610 1 |a комедии 
610 1 |a пьесы 
610 1 |a театр 
610 1 |a киносценарии 
675 |a Р2  |v 4 
700 1 |a Брагинский  |b Э. В.  |g Эмиль Вениаминович  |4 070 
701 1 |a Рязанов  |b Э. А.  |c кинорежиссёр, сценарист, актёр, поэт, автор текстов песен  |c народный артист СССР (1984)  |c лауреат Государственной премии СССР (1977)  |f 1927-  |g Эльдар Александрович  |2 stltpush  |3 (RuTPU)RU\TPU\pers\18018  |4 070 
701 1 |a Рязанов  |b Э. А.  |c кинорежиссёр, сценарист, актёр, поэт, автор текстов песен  |c народный артист СССР (1984)  |c лауреат Государственной премии СССР (1977)  |f 1927-2015  |g Эльдар Александрович  |2 stltpush  |3 (RuTPU)RU\TPU\pers\18018  |9 6676 
702 1 |a Иванова  |b М. В.  |4 340 
801 1 |a RU  |b 63413507  |c 20150319 
801 2 |a RU  |b 63413507  |c 20221219  |g RCR 
942 |c BK